[Event "21st Tilburg Fontys it"]
[Site "Tilburg NED"]
[Date "1998.10.23"]
[Round "1"]
[White "Adams, Michael"]
[Black "Van Wely, Loek"]
[Result "1/2-1/2"]
[WhiteElo "2715"]
[BlackElo "2635"]
[EventDate "1998.10.23"]
[PlyCount "71"]

1. e4 c5 2. Nf3 Nc6 3. d4 cxd4 4. Nxd4 Nf6 5. Nc3 e5 6. Ndb5 d6 7. Bg5 a6 8.
Na3 b5 9. Bxf6 gxf6 10. Nd5 f5 11. g3 fxe4 12. Bg2 Bf5 13. O-O Bg7 14. Re1 O-O
15. c3 Ne7 16. Nc2 Rc8 17. Nxe7+ Qxe7 18. a4 Qb7 19. axb5 Qxb5 20. Nb4 a5 21.
Nd5 Rfe8 22. Bxe4 Be6 23. Qd2 f5 24. Bg2 Kh8 25. Red1 e4 26. Bf1 Qc5 27. Ra3
Rb8 28. b4 Qxd5 29. Qxd5 Bxd5 30. Rxd5 axb4 31. cxb4 Rxb4 32. Rxd6 Bd4 33. Rd7
Bb6 34. Rf7 e3 35. fxe3 Rxe3 36. Rxe3 1/2-1/2

[Event "21st Tilburg Fontys it"]
[Site "Tilburg NED"]
[Date "1998.10.23"]
[Round "1"]
[White "Leko, Peter"]
[Black "Kortschnoj, Viktor"]
[Result "1/2-1/2"]
[WhiteElo "2665"]
[BlackElo "2625"]
[EventDate "1998.10.23"]
[PlyCount "72"]

1. e4 e6 2. d4 d5 3. Nc3 Nf6 4. Bg5 dxe4 5. Nxe4 Nbd7 6. Nf3 Be7 7. Nxf6+ Bxf6
8. h4 O-O 9. Qd2 e5 10. Bxf6 Qxf6 11. O-O-O h6 12. Re1 exd4 13. Qxd4 Qxd4 14.
Nxd4 Nb6 15. Nb5 c6 16. Nd6 Rd8 17. Bd3 Kf8 18. Nxc8 Raxc8 19. Bf5 Rb8 20. g3
Re8 21. c3 Rxe1+ 22. Rxe1 Re8 23. Rxe8+ Kxe8 24. Kc2 Nc4 25. Bd3 Nd6 26. Kd2 c5
27. b4 b6 28. Ke3 g5 29. bxc5 bxc5 30. hxg5 hxg5 31. f4 gxf4+ 32. Kxf4 f6 33.
Bc2 Ke7 34. Ba4 Kd8 35. g4 Kc7 36. Ke3 Kb6 1/2-1/2

[Event "21st Tilburg Fontys it"]
[Site "Tilburg NED"]
[Date "1998.10.24"]
[Round "2"]
[White "Sadler, Matthew"]
[Black "Topalov, Veselin"]
[Result "1/2-1/2"]
[WhiteElo "2660"]
[BlackElo "2700"]
[EventDate "1998.10.23"]
[PlyCount "68"]

1. d4 Nf6 2. c4 e6 3. Nc3 Bb4 4. e3 c5 5. Nge2 cxd4 6. exd4 O-O 7. a3 Be7 8. d5
exd5 9. cxd5 Bc5 10. b4 Bd6 11. g3 Re8 12. Bg2 Be5 13. O-O a5 14. b5 d6 15. h3
Nfd7 16. f4 Bf6 17. Ra2 Nc5 18. g4 g6 19. Rc2 Bg7 20. Ng3 Nbd7 21. Kh2 Nb6 22.
Nce4 Nxe4 23. Nxe4 f5 24. Ng5 fxg4 25. hxg4 Bd7 26. Ne6 Qh4+ 27. Kg1 Bxe6 28.
dxe6 Rxe6 29. Rc7 Re7 30. Rxb7 Rxb7 31. Bxb7 Qg3+ 32. Kh1 Qh3+ 33. Kg1 Qg3+ 34.
Kh1 Qh3+ 1/2-1/2

[Event "21st Tilburg Fontys it"]
[Site "Tilburg NED"]
[Date "1998.10.25"]
[Round "3"]
[White "Leko, Peter"]
[Black "Sadler, Matthew"]
[Result "1/2-1/2"]
[WhiteElo "2665"]
[BlackElo "2660"]
[EventDate "1998.10.23"]
[PlyCount "67"]

1. e4 c5 2. Nf3 d6 3. d4 cxd4 4. Nxd4 Nf6 5. Nc3 a6 6. Be3 e5 7. Nb3 Be6 8. Qd2
Nbd7 9. f3 h5 10. O-O-O Rc8 11. Kb1 Be7 12. Nd5 Nxd5 13. exd5 Bf5 14. Bd3 Bxd3
15. Qxd3 Bg5 16. Bf2 b5 17. h4 Bh6 18. Be1 Qc7 19. Na5 Nb6 20. Bf2 Nd7 21. Nc6
Nb8 22. Na7 Rd8 23. Qb3 f5 24. a4 bxa4 25. Qxa4+ Qd7 26. Qb3 O-O 27. Nc6 Rc8
28. Ba7 Nxc6 29. dxc6+ Qf7 30. Rxd6 Qxb3 31. cxb3 Rf6 32. Rd5 Bf4 33. Bf2 Rfxc6
34. g3 1/2-1/2

[Event "21st Tilburg Fontys it"]
[Site "Tilburg NED"]
[Date "1998.10.26"]
[Round "4"]
[White "Lautier, Joel"]
[Black "Kortschnoj, Viktor"]
[Result "1/2-1/2"]
[WhiteElo "2625"]
[BlackElo "2625"]
[EventDate "1998.10.23"]
[PlyCount "42"]

1. d4 Nf6 2. c4 e6 3. Nf3 b6 4. a3 Bb7 5. Nc3 d5 6. Bg5 Be7 7. Qa4+ Bc6 8. Qc2
dxc4 9. e3 b5 10. Bxf6 Bxf6 11. a4 a6 12. axb5 axb5 13. Rxa8 Bxa8 14. Nxb5 c5
15. Qa4 Bxf3 16. gxf3 O-O 17. dxc5 Qd5 18. Be2 Qxc5 19. Qxc4 Qxc4 20. Bxc4 Bxb2
21. Ke2 Rd8 1/2-1/2

[Event "21st Tilburg Fontys it"]
[Site "Tilburg NED"]
[Date "1998.10.26"]
[Round "4"]
[White "Svidler, Peter"]
[Black "Leko, Peter"]
[Result "1/2-1/2"]
[WhiteElo "2710"]
[BlackElo "2665"]
[EventDate "1998.10.23"]
[PlyCount "45"]

1. e4 c6 2. d4 d5 3. e5 Bf5 4. Nf3 e6 5. Be2 c5 6. Be3 cxd4 7. Nxd4 Ne7 8. c4
Nbc6 9. Qa4 a6 10. Nc3 dxc4 11. Rd1 Bd3 12. Bxd3 cxd3 13. Rxd3 b5 14. Qb3 Nxe5
15. Rd1 Qc8 16. O-O N7c6 17. Rc1 Na5 18. Qd1 Nac4 19. Bf4 Ng6 20. Bg3 Qb7 21.
a4 Be7 22. axb5 O-O 23. Qe2 1/2-1/2

[Event "21st Tilburg Fontys it"]
[Site "Tilburg NED"]
[Date "1998.10.26"]
[Round "4"]
[White "Zviagintsev, Vadim"]
[Black "Van Wely, Loek"]
[Result "1/2-1/2"]
[WhiteElo "2650"]
[BlackElo "2635"]
[EventDate "1998.10.23"]
[PlyCount "65"]

1. c4 e5 2. Nc3 Nf6 3. Nf3 Nc6 4. d4 exd4 5. Nxd4 Bb4 6. Bg5 h6 7. Bh4 Bxc3+ 8.
bxc3 Ne5 9. e3 O-O 10. f3 d6 11. Be2 Qe7 12. O-O a6 13. a4 Be6 14. f4 Nxc4 15.
Rf3 d5 16. Bxc4 dxc4 17. e4 g5 18. fxg5 Nxe4 19. Qe1 Nxg5 20. Bxg5 hxg5 21. Qe5
Rfe8 22. Re1 Rad8 23. Rg3 g4 24. Qf4 Qc5 25. Re5 Qb6 26. Qh6 Qb1+ 27. Kf2 Bf5
28. Rge3 Rxe5 29. Qg5+ Kh7 30. Qh5+ Kg7 31. Qg5+ Kh7 32. Qh5+ Kg7 33. Qg5+
1/2-1/2

[Event "21st Tilburg Fontys it"]
[Site "Tilburg NED"]
[Date "1998.10.28"]
[Round "5"]
[White "Adams, Michael"]
[Black "Svidler, Peter"]
[Result "1-0"]
[WhiteElo "2715"]
[BlackElo "2710"]
[EventDate "1998.10.23"]
[PlyCount "87"]

1. e4 c5 2. Nf3 d6 3. d4 cxd4 4. Nxd4 Nf6 5. Nc3 a6 6. Be3 e5 7. Nb3 Be6 8. f3
Nbd7 9. g4 b5 10. g5 Nh5 11. Qd2 Nb6 12. Nd5 Nxd5 13. exd5 Bd7 14. Na5 Rc8 15.
O-O-O Be7 16. Kb1 O-O 17. c4 Nf4 18. h4 Re8 19. Bxf4 exf4 20. Nc6 Qb6 21. cxb5
axb5 22. Qxf4 Bxc6 23. dxc6 Rxc6 24. Bd3 Rc5 25. Rhe1 Qc7 26. Qe4 g6 27. f4 Qd7
28. h5 Rcc8 29. Qd5 Rc5 30. Qe4 Rcc8 31. hxg6 hxg6 32. f5 Bxg5 33. Qg2 Rxe1 34.
Rxe1 Qe7 35. Qg1 Qf6 36. Rf1 Qe7 37. Re1 Qf6 38. Rf1 Qe7 39. fxg6 fxg6 40. Bxg6
Kg7 41. Bf5 Rf8 42. Qg4 Qe3 43. a3 Rh8 44. Bc2 1-0

[Event "21st Tilburg Fontys it"]
[Site "Tilburg NED"]
[Date "1998.10.28"]
[Round "5"]
[White "Kortschnoj, Viktor"]
[Black "Zviagintsev, Vadim"]
[Result "1/2-1/2"]
[WhiteElo "2625"]
[BlackElo "2650"]
[EventDate "1998.10.23"]
[PlyCount "55"]

1. d4 d5 2. c4 e6 3. Nc3 Be7 4. Nf3 Nf6 5. Bg5 h6 6. Bh4 O-O 7. e3 b6 8. Rc1
Bb7 9. Bxf6 Bxf6 10. cxd5 exd5 11. b4 c6 12. Qb3 a5 13. bxa5 Rxa5 14. Be2 Bc8
15. O-O Be6 16. a4 Nd7 17. Qb1 Be7 18. Bd3 Ba3 19. Rc2 Qe7 20. Ra2 Rfa8 21.
Bh7+ Kh8 22. Bf5 Bxf5 23. Qxf5 Bb4 24. Ne2 Qe6 25. Qc2 Bd6 26. Nc3 Bb4 27. Ne2
Bd6 28. Nc3 1/2-1/2

[Event "21st Tilburg Fontys it"]
[Site "Tilburg NED"]
[Date "1998.10.30"]
[Round "7"]
[White "Kortschnoj, Viktor"]
[Black "Svidler, Peter"]
[Result "1/2-1/2"]
[WhiteElo "2625"]
[BlackElo "2710"]
[EventDate "1998.10.23"]
[PlyCount "80"]

1. d4 Nf6 2. c4 g6 3. Nc3 d5 4. cxd5 Nxd5 5. g3 Bg7 6. Bg2 Nb6 7. e3 O-O 8.
Nge2 e5 9. d5 c6 10. e4 cxd5 11. exd5 Na6 12. O-O Bf5 13. b3 Nb4 14. Ba3 a5 15.
Qd2 Nc8 16. Ne4 Bxe4 17. Bxe4 Nd6 18. Bg2 e4 19. Rac1 Re8 20. Bxb4 axb4 21.
Qxb4 Rxa2 22. Nc3 Bxc3 23. Qxc3 e3 24. fxe3 Qb6 25. Rfe1 Rc8 26. Qd4 Rxc1 27.
Rxc1 Qxb3 28. e4 Ra4 29. Qc3 Qb6+ 30. Qc5 Qb2 31. Qc3 Qb6+ 32. Qc5 Qxc5+ 33.
Rxc5 Rc4 34. Rxc4 Nxc4 35. Kf2 Kf8 36. Bf1 Ne5 37. Be2 Ke7 38. Ke3 Kd6 39. Kd4
f6 40. h4 Nd7 1/2-1/2

[Event "21st Tilburg Fontys it"]
[Site "Tilburg NED"]
[Date "1998.10.30"]
[Round "7"]
[White "Leko, Peter"]
[Black "Piket, Jeroen"]
[Result "1/2-1/2"]
[WhiteElo "2665"]
[BlackElo "2605"]
[EventDate "1998.10.23"]
[PlyCount "54"]

1. e4 e5 2. Nf3 Nf6 3. Nxe5 d6 4. Nf3 Nxe4 5. d4 d5 6. Bd3 Nc6 7. O-O Be7 8.
Re1 Bf5 9. Nbd2 Nxd2 10. Qxd2 Bxd3 11. Qxd3 O-O 12. c3 a6 13. Bf4 Qd7 14. Re3
Rae8 15. Rae1 Bd8 16. h3 f6 17. Nd2 Rxe3 18. Rxe3 Re8 19. Rxe8+ Qxe8 20. Qf5
Ne7 21. Qe6+ Kf8 22. Nb3 b6 23. Nc1 Ng6 24. Qxe8+ Kxe8 25. Nd3 Kd7 26. g4 Be7
27. Be3 Bd6 1/2-1/2

[Event "21st Tilburg Fontys it"]
[Site "Tilburg NED"]
[Date "1998.10.31"]
[Round "8"]
[White "Lautier, Joel"]
[Black "Sadler, Matthew"]
[Result "1/2-1/2"]
[WhiteElo "2625"]
[BlackElo "2660"]
[EventDate "1998.10.23"]
[PlyCount "39"]

1. e4 c5 2. Nf3 d6 3. d4 cxd4 4. Nxd4 Nf6 5. Nc3 a6 6. Bc4 e6 7. Bb3 b5 8. O-O
b4 9. Na4 Bd7 10. Be3 Nc6 11. f3 Be7 12. Rc1 Rb8 13. c4 bxc3 14. Rxc3 Na5 15.
Bc2 e5 16. Nf5 Bxf5 17. exf5 O-O 18. f4 exf4 19. Bxf4 Rc8 20. Rg3 1/2-1/2

[Event "21st Tilburg Fontys it"]
[Site "Tilburg NED"]
[Date "1998.10.31"]
[Round "8"]
[White "Piket, Jeroen"]
[Black "Adams, Michael"]
[Result "1/2-1/2"]
[WhiteElo "2605"]
[BlackElo "2715"]
[EventDate "1998.10.23"]
[PlyCount "33"]

1. d4 Nf6 2. c4 e6 3. Nf3 b6 4. a3 Ba6 5. Qc2 Bb7 6. Nc3 c5 7. e4 cxd4 8. Nxd4
Nc6 9. Nxc6 Bxc6 10. Be2 Qc7 11. Nd5 Bxd5 12. exd5 exd5 13. Bf3 Be7 14. O-O O-O
15. Bg5 Rae8 16. Bxf6 Bxf6 17. Bxd5 1/2-1/2

[Event "21st Tilburg Fontys it"]
[Site "Tilburg NED"]
[Date "1998.10.31"]
[Round "8"]
[White "Topalov, Veselin"]
[Black "Leko, Peter"]
[Result "0-1"]
[WhiteElo "2700"]
[BlackElo "2665"]
[EventDate "1998.10.23"]
[PlyCount "96"]

1. e4 c6 2. d4 d5 3. Nd2 dxe4 4. Nxe4 Bf5 5. Ng3 Bg6 6. h4 h6 7. Nf3 Nf6 8. Ne5
Bh7 9. Bd3 Bxd3 10. Qxd3 e6 11. Bf4 Qa5+ 12. c3 Qa6 13. Qf3 Nbd7 14. Nxd7 Kxd7
15. Be5 Be7 16. b3 Rhd8 17. c4 Qa5+ 18. Ke2 Ke8 19. Rhe1 Kf8 20. Kf1 Rd7 21. a4
Rad8 22. Rad1 Kg8 23. Rd3 Ne8 24. Nh5 Bd6 25. Bxg7 Nxg7 26. c5 Nxh5 27. Qxh5
Qa6 28. Ree3 Bf4 29. Qg4+ Kf8 30. Qxf4 Rxd4 31. Qxh6+ Ke8 32. Kg1 Rxd3 33.
Rxe6+ Kd7 34. Rf6 Kc8 35. Rxf7 Rd1+ 36. Kh2 Qe2 37. Qf4 R1d7 38. Rxd7 Rxd7 39.
Qf8+ Kc7 40. Qf4+ Kc8 41. Qf8+ Rd8 42. Qf5+ Kb8 43. Qf4+ Ka8 44. g4 Qe7 45. g5
Rf8 46. Qe3 Qxe3 47. fxe3 Kb8 48. g6 Kc7 0-1

[Event "21st Tilburg Fontys it"]
[Site "Tilburg NED"]
[Date "1998.11.02"]
[Round "9"]
[White "Leko, Peter"]
[Black "Lautier, Joel"]
[Result "1/2-1/2"]
[WhiteElo "2665"]
[BlackElo "2625"]
[EventDate "1998.10.23"]
[PlyCount "36"]

1. e4 c5 2. Nf3 d6 3. d4 cxd4 4. Nxd4 Nf6 5. Nc3 a6 6. Be3 Nc6 7. Qd2 Nxd4 8.
Bxd4 e5 9. Be3 Be6 10. O-O-O Qa5 11. a3 Rc8 12. f3 Rxc3 13. Qxc3 Qxc3 14. bxc3
d5 15. exd5 Nxd5 16. Bd2 Bxa3+ 17. Kb1 Nb6 18. Bd3 Na4 1/2-1/2

[Event "21st Tilburg Fontys it"]
[Site "Tilburg NED"]
[Date "1998.11.03"]
[Round "10"]
[White "Leko, Peter"]
[Black "Adams, Michael"]
[Result "1-0"]
[WhiteElo "2665"]
[BlackElo "2715"]
[EventDate "1998.10.23"]
[PlyCount "79"]

1. e4 e5 2. Nf3 Nc6 3. Bb5 a6 4. Ba4 Nf6 5. O-O Be7 6. Re1 b5 7. Bb3 O-O 8. c3
d6 9. h3 Na5 10. Bc2 c5 11. d4 Qc7 12. Nbd2 cxd4 13. cxd4 Nc6 14. Nb3 a5 15.
Be3 a4 16. Nbd2 Nb4 17. Bb1 Bd7 18. a3 Nc6 19. Bd3 Na5 20. Qe2 Qb8 21. Rec1 Re8
22. Rab1 exd4 23. Nxd4 b4 24. Bb5 b3 25. Bxd7 Nxd7 26. Nb5 Nc5 27. Nxd6 Bxd6
28. Bxc5 Bf4 29. Be3 h6 30. Rc3 Nb7 31. g3 Be5 32. Rd3 f5 33. Nc4 Bxg3 34. fxg3
Rxe4 35. Nd2 Qxg3+ 36. Qg2 Qxg2+ 37. Kxg2 Re6 38. Rc1 Rae8 39. Kf3 g5 40. Rc4
1-0

[Event "21st Tilburg Fontys it"]
[Site "Tilburg NED"]
[Date "1998.11.04"]
[Round "11"]
[White "Kortschnoj, Viktor"]
[Black "Topalov, Veselin"]
[Result "1/2-1/2"]
[WhiteElo "2625"]
[BlackElo "2700"]
[EventDate "1998.10.23"]
[PlyCount "86"]

1. d4 Nf6 2. c4 e6 3. Nc3 Bb4 4. Qc2 d5 5. cxd5 Qxd5 6. Nf3 Qf5 7. Qxf5 exf5 8.
Bf4 Be6 9. a3 Bd6 10. Bxd6 cxd6 11. e3 Nbd7 12. Rc1 Ke7 13. Bd3 Rac8 14. Ke2
Nb6 15. Nd2 a6 16. Rc2 Rc7 17. Rhc1 Rhc8 18. h3 h5 19. h4 Kd8 20. Kf3 g6 21.
Kg3 Kd7 22. Ne2 Rxc2 23. Rxc2 Rxc2 24. Bxc2 Ke7 25. Nf4 Bd7 26. f3 Bc6 27. Kf2
Nfd5 28. Nxd5+ Bxd5 29. e4 fxe4 30. fxe4 Be6 31. Ke3 Nc4+ 32. Nxc4 Bxc4 33. Kf4
a5 34. Kg5 b6 35. g3 Ke6 36. Kh6 Ke7 37. Kg7 Be6 38. b3 b5 39. b4 axb4 40. axb4
Bc4 41. Bd1 Bd3 42. Bf3 Bc4 43. Bg2 Bd3 1/2-1/2

[Event "21st Tilburg Fontys it"]
[Site "Tilburg NED"]
[Date "1998.11.04"]
[Round "11"]
[White "Van Wely, Loek"]
[Black "Leko, Peter"]
[Result "1/2-1/2"]
[WhiteElo "2635"]
[BlackElo "2665"]
[EventDate "1998.10.23"]
[PlyCount "56"]

1. d4 Nf6 2. Nf3 g6 3. c4 Bg7 4. Nc3 d5 5. cxd5 Nxd5 6. e4 Nxc3 7. bxc3 c5 8.
Rb1 O-O 9. Be2 cxd4 10. cxd4 Qa5+ 11. Bd2 Qxa2 12. O-O Bg4 13. Be3 Nc6 14. d5
Na5 15. Bc5 Bf6 16. e5 Bxe5 17. Rb4 Bxf3 18. Bxf3 Rae8 19. Bxa7 b5 20. Qe2 Qxe2
21. Bxe2 Nc4 22. Bc5 Nd6 23. Bxb5 Rb8 24. Bc6 Rxb4 25. Bxb4 Rb8 26. Bc5 Rb2 27.
g3 Rc2 28. Ba7 Ra2 1/2-1/2